00620nam a2200169 a 45000010005000000030005000050050017000100080041000270200016000680400020000841000033001042450160001372600053002973000011003504900013003615000076003743193CDMR20131014170016.0130130s1980||||||||||||||||||||||||||||d a84747906504 aCDMRbcatcCDMR1 aDíez Rodríguez, Fernando10aPrensa agraria en la España de la Ilustraciónb: el Semanario de Agricultura y Artes dirigido a los Párrocos (1797-1808)cFernando Dïez Rodríguez aMadridc1980bServicio de Publicaciones Agrarias a217 p.0 aEstudios aA la coberta: Ministerio de Agricultura. Secretaría General Técnica